00425cam a22001337a 4500008004000000082001600040100002200056245003700078260002300115300001000138650003700148999001900185952008700204180718b1989 xxu||||| |||| 00| 0 eng d aB19x54 F855 aFranks, H. George aQueer Indiacby H. George Franks aDelhibSwatic1989 a273p. aSocial life and customs - India. c344353d344353 00104070aIIPAbIIPAd1993-10-03oB19x54 F855p64360r2018-07-21w2018-07-21yBK